Every Major City in the Benelux Countries - Statistics

General Stats
  • This quiz has been taken 13 times
  • The average score is 7 of 10
Answer Stats
Answer % Correct
Amsterdam
100%
Brussels
100%
Rotterdam
100%
Luxembourg
83%
Groningen
75%
Eindhoven
58%
Utrecht
58%
Antwerpen
50%
Den Haag
50%
Nijmegen
8%
No matching quizzes found
Score Distribution
Percent of People with Each Score
Percentile by Number Answered
Your Score History
You have not taken this quiz